[Event "Mezokovesd Hegedus Memorial 4th"]
[Site "Mezokovesd"]
[Date "2023.12.29"]
[Round "6"]
[White "Toth, Bela3"]
[Black "Kasa, Barnabas"]
[Result "0-1"]
[WhiteElo "1585"]
[BlackElo "1658"]
[PlyCount "52"]
[EventDate "2023.12.27"]
[EventType "swiss"]
[EventRounds "6"]
[EventCountry "HUN"]
[SourceTitle "CBM 217 Extra"]
[Source "ChessBase"]
[SourceDate "2024.01.31"]
[SourceVersion "1"]
[SourceVersionDate "2024.01.31"]
[SourceQuality "1"]

1. e4 e5 2. Nc3 Nf6 3. Bc4 Nc6 4. a3 Nxe4 5. Bxf7+ Kxf7 6. Nxe4 d5 7. Ng3 Bc5 8. Qf3+ Kg8 9. d3 h6 10. N1e2 Kh7 11. d4 Rf8 12. Qd3+ e4 13. Qd2 Bd6 14. c3 Na5 15. Qc2 Bg4 16. f3 Bf5 17. Nxf5 Rxf5 18. Ng3 Qh4 19. f4 Bxf4 20. Bxf4 Rxf4 21. 0-0-0 Raf8 22. Rdf1 Rxf1+ 23. Rxf1 Rxf1+ 24. Nxf1 Qf4+ 25. Nd2 Nc4 26. Kd1 Ne3+ 0-1

[Event "Mezokovesd Hegedus Memorial 4th"]
[Site "Mezokovesd"]
[Date "2023.12.27"]
[Round "1"]
[White "Kasa, Barnabas"]
[Black "Lako, Istvan1"]
[Result "1-0"]
[WhiteElo "1658"]
[BlackElo "1053"]
[PlyCount "83"]
[EventDate "2023.12.27"]
[EventType "swiss"]
[EventRounds "6"]
[EventCountry "HUN"]
[SourceTitle "CBM 217 Extra"]
[Source "ChessBase"]
[SourceDate "2024.01.31"]
[SourceVersion "1"]
[SourceVersionDate "2024.01.31"]
[SourceQuality "1"]

1. e4 c5 2. Nf3 Nc6 3. d4 cxd4 4. Nxd4 g6 5. Nc3 Bg7 6. Be3 Nf6 7. Bc4 0-0 8. Bb3 a5 9. f3 Nxd4 10. Bxd4 d6 11. Qd2 h6 12. Bxf6 exf6 13. 0-0-0 Bd7 14. Qxd6 Bc6 15. Qxd8 Rfxd8 16. Bd5 Bxd5 17. Rxd5 Rxd5 18. Nxd5 Kf8 19. Rd1 Rd8 20. c3 b5 21. Nc7 Rxd1+ 22. Kxd1 b4 23. cxb4 axb4 24. Kc2 Kg8 25. Na6 Bf8 26. Kb3 Bd6 27. h3 Kf8 28. Nxb4 Ke7 29. Nd5+ Ke6 30. a4 f5 31. Kc4 fxe4 32. fxe4 Ke5 33. a5 f5 34. exf5 gxf5 35. a6 Bb8 36. b4 Ba7 37. b5 Kd6 38. b6 Bxb6 39. Nxb6 Kc6 40. Nd5 f4 41. Nxf4 h5 42. Nxh5 1-0

[Event "HUN-chT2 Breyer 2223"]
[Site "Hungary"]
[Date "2022.10.30"]
[Round "2.11"]
[White "Kasa, Barnabas"]
[Black "Klinga, Matyas"]
[Result "0-1"]
[WhiteElo "1582"]
[BlackElo "1201"]
[PlyCount "55"]
[EventDate "2022.10.16"]
[EventType "team-tourn"]
[EventRounds "11"]
[EventCountry "HUN"]
[SourceTitle "EXT 2025"]
[Source "ChessBase"]
[SourceDate "2024.10.14"]
[SourceVersion "1"]
[SourceVersionDate "2024.10.14"]
[SourceQuality "1"]
[WhiteTeam "Naszaly Geniusz Tata"]
[BlackTeam "Nyergesujfalu"]
[WhiteTeamCountry "HUN"]
[BlackTeamCountry "HUN"]

1. e4 e5 2. Nf3 Nf6 3. Nxe5 d6 4. Nf3 Nxe4 5. d4 Be7 6. Bd3 Nf6 7. c4 b6 8. Nc3 Bb7 9. 0-0 0-0 10. Re1 Re8 11. Bg5 Nbd7 12. Nh4 d5 13. cxd5 Nxd5 14. Bxe7 Rxe7 15. Bxh7+ Kxh7 16. Qh5+ Kg8 17. Nxd5 Rxe1+ 18. Rxe1 Nf6 19. Nxf6+ Qxf6 20. Nf5 g6 21. Ne7+ Qxe7 22. Rxe7 gxh5 23. Rxc7 Bd5 24. a3 Re8 25. Kf1 Re4 26. f3 Rxd4 27. Rc8+ Kg7 28. Rd8 0-1

[Event "HUN-chT2 Breyer 2223"]
[Site "Hungary"]
[Date "2022.10.16"]
[Round "1.11"]
[White "Laszlo, Laura"]
[Black "Kasa, Barnabas"]
[Result "0-1"]
[WhiteElo "1819"]
[BlackElo "1582"]
[PlyCount "100"]
[EventDate "2022.10.16"]
[EventType "team-tourn"]
[EventRounds "11"]
[EventCountry "HUN"]
[SourceTitle "EXT 2025"]
[Source "ChessBase"]
[SourceDate "2024.10.14"]
[SourceVersion "1"]
[SourceVersionDate "2024.10.14"]
[SourceQuality "1"]
[WhiteTeam "Hus"]
[BlackTeam "Naszaly Geniusz Tata"]
[WhiteTeamCountry "HUN"]
[BlackTeamCountry "HUN"]

1. e4 e5 2. Nc3 Nf6 3. f4 d5 4. fxe5 Nxe4 5. Qf3 f5 6. exf6 Nxf6 7. d4 Be7 8. Bg5 c6 9. Be2 0-0 10. Qd3 Na6 11. a3 h6 12. Bh4 Ng4 13. Bxe7 Qxe7 14. Nf3 Bf5 15. Qd2 Ne3 16. Kf2 Ng4+ 17. Ke1 Rae8 18. Rc1 Be4 19. Nxe4 Qxe4 20. h3 Ne3 21. Kf2 Qh4+ 22. g3 Qe4 23. Qd3 Qxd3 24. Bxd3 Nc7 25. Rhe1 Nf5 26. c3 Nd6 27. Rxe8 Ncxe8 28. Re1 Nf6 29. Re6 Nfe4+ 30. Bxe4 Nxe4+ 31. Kg2 Rxf3 32. Kxf3 Ng5+ 33. Kf4 Nxe6+ 34. Ke5 Kf7 35. Kd6 Kf6 36. Kd7 Nxd4 37. cxd4 c5 38. dxc5 d4 39. Kc7 d3 40. Kxb7 d2 41. c6 d1Q 42. c7 Qb3+ 43. Ka8 Qf3+ 44. Kxa7 Qe3+ 45. Kb7 Qe4+ 46. Kb8 Qe5 47. Kb7 Qb5+ 48. Ka7 Qc6 49. Kb8 Qb6+ 50. Kc8 Ke7 0-1

[Event "Fuerstenfeld U18 op 5th"]
[Site "Fuerstenfeld"]
[Date "2022.07.22"]
[Round "2"]
[White "Zrubek, Adam"]
[Black "Kasa, Barnabas"]
[Result "1/2-1/2"]
[WhiteElo "1693"]
[BlackElo "1379"]
[PlyCount "143"]
[EventDate "2022.07.21"]
[EventType "swiss"]
[EventRounds "7"]
[EventCountry "AUT"]
[SourceTitle "CBM 209 Extra"]
[Source "ChessBase"]
[SourceDate "2022.09.30"]
[SourceVersion "1"]
[SourceVersionDate "2022.09.30"]
[SourceQuality "1"]

1. e4 e5 2. Nf3 Nc6 3. Bb5 a6 4. Ba4 Nf6 5. 0-0 Nxe4 6. Re1 Nc5 7. Bxc6 dxc6 8. Nxe5 Be7 9. d4 Ne6 10. c3 0-0 11. f4 f6 12. Nf3 Kh8 13. h4 Bd6 14. g3 g6 15. Nbd2 Ng7 16. Nc4 Nh5 17. Nxd6 cxd6 18. Kf2 Qd7 19. d5 Qg4 20. Rg1 c5 21. Be3 Bd7 22. Nd2 Qxd1 23. Raxd1 Bg4 24. Rde1 Ng7 25. Nc4 Nf5 26. Bd2 Rae8 27. Nb6 Kg7 28. Nd7 Rxe1 29. Rxe1 Rf7 30. Nb6 Re7 31. Rxe7+ Nxe7 32. c4 Nc8 33. Na4 Ne7 34. Nc3 f5 35. b3 Ng8 36. Na4 Nf6 37. Bc3 Kf7 38. Bxf6 Kxf6 39. Nb6 Ke7 40. Ke3 Kd8 41. Na4 Kc7 42. Nb2 Kb6 43. Nd3 Ka5 44. a3 Kb6 45. b4 cxb4 46. axb4 Kc7 47. Kd2 b6 48. Nc1 Bf3 49. Ke3 Be4 50. Kd4 a5 51. Kc3 a4 52. Ne2 a3 53. Nd4 a2 54. Nb3 b5 55. Kd4 bxc4 56. Kxc4 Kb6 57. Na1 Bf3 58. b5 Be2+ 59. Kb3 Kxb5 60. Kxa2 Bc4+ 61. Kb2 Bxd5 62. Kc3 Be4 63. Nb3 Kc6 64. Kd4 d5 65. Nc5 Kd6 66. Nb3 Ke6 67. Nc5+ Kf6 68. Nd7+ Kg7 69. Nb6 Kh6 70. Nd7 Kg7 71. Nb6 Kh6 72. Nd7 1/2-1/2